MARC

Tag First Indicator Second Indicator Subfields
LEADER 00000cam a2200000 a 4500
001 in00000016152
005 20240530142231.0
008 980814m19281935ii ab b 000 0 eng
010 |a  44033682  
019 |a 1302636  |a 220615289 
029 1 |a AU@  |b 000006381907 
029 1 |a NZ1  |b 4908358 
029 1 |a CHVBK  |b 334480787 
029 1 |a CHBIS  |b 010450607 
029 1 |a CHVBK  |b 332599345 
029 1 |a CHBIS  |b 010415768 
035 |a (OCoLC)ocm39859761  
035 |a (OCoLC)39859761  |z (OCoLC)1302636  |z (OCoLC)220615289 
035 |a (OCoLC)ocm39859761  
040 |a DLC  |b eng  |c DLC  |d JHE  |d SER  |d NLGGC  |d OCLCO  |d OCLCF  |d OCLCQ  |d OCLCA  |d CHVBK  |d OCLCO  |d J9U  |d OCLCO  |d OCLCL 
043 |a a-ii--- 
050 0 0 |a DS485.M87  |b A7 
082 0 4 |a 572.954 
084 |a 73.06  |2 bcl 
100 1 |a Anantha Krishna Iyer, L. Krishna,  |c Diwan Bahadur,  |d 1861-1937.  |1 https://id.oclc.org/worldcat/entity/E39PBJgCQjyVcpfRqv99YWd84q 
245 1 4 |a The Mysore tribes and castes /  |c L.K. Ananthakrishna Iyer. 
260 |a Mysore :  |b Mysore University,  |c 1928-1935. 
300 |a 4 volumes :  |b illustrations, maps (some color) ;  |c 23 cm 
336 |a text  |b txt  |2 rdacontent 
337 |a unmediated  |b n  |2 rdamedia 
338 |a volume  |b nc  |2 rdacarrier 
500 |a Vol. 2-4 by H.V. Nanjundayya and L.K. Ananthakrishna Iyer. 
500 |a Accompanied by: Appendix to the four volumes of the Mysore tribes and castes : index and bibliography. 1936. 3, 1, 70 p. 22 cm. 
504 |a Includes bibliographical references. 
505 0 |a I. [Introductory volume]--II-IV. [Articles on tribes and castes of the Mysore state in alphabetical order]: II. A-B. III. C-K. IV. K-V. 
650 0 |a Ethnology  |z India  |z Mysore (Princely State) 
650 0 |a Caste  |z India  |z Mysore (Princely State) 
651 0 |a Mysore (Princely State)  |x Social life and customs. 
650 7 |a Caste  |2 fast 
650 7 |a Ethnology  |2 fast 
650 7 |a Manners and customs  |2 fast 
651 7 |a India  |z Mysore (Princely State)  |2 fast 
650 7 |a Ethnologie  |2 gnd 
651 7 |a Mysore  |2 gnd 
651 7 |a Karnataka  |2 gnd 
650 1 7 |a Tribale groepen.  |2 gtt 
650 1 7 |a Etnische groepen.  |2 gtt 
650 7 |a Ethnology  |z India  |z Mysore (Princely State)  |2 nli 
650 7 |a Caste  |z India  |z Mysore (Princely State)  |2 nli 
651 7 |a Mysore (Princely State)  |x Social life and customs  |2 nli 
700 1 |a Nanjundayya, H. V.,  |d 1860-1920.  |1 https://id.oclc.org/worldcat/entity/E39PCjJ76XdDt8GhxKdP6D9hpP 
776 0 8 |i Online version:  |a Anantha Krishna Iyer, L. Krishna, Diwan Bahadur, 1861-1937.  |t Mysore tribes and castes.  |d Mysore : Mysore University, 1928-1935  |w (OCoLC)555231562 
948 |h HELD BY TXA - 97 OTHER HOLDINGS 
994 |a Z0  |b TXA 
999 f f |s b287f7cc-180a-3e01-867c-53fc6b9d10a3  |i b79782b8-5968-3211-bc89-2e73792943d1  |t 0 
952 f f |p ric  |a Texas A&M University  |b Rellis Campus  |c Joint Library Facility  |d Remote Storage  |t 0  |e DS485.M87 A7  |h Library of Congress classification  |i unmediated -- volume  |k v.1  |m A14812587015 
998 f f |a DS485.M87 A7  |s v.1  |t 0  |l Remote Storage